| 000 | 01780cam a22005174i 4500 | ||
|---|---|---|---|
| 003 | PE-LiUPU | ||
| 005 | 20250731172829.0 | ||
| 008 | 140319s2009 sp a grb 001 0dspa | ||
| 020 | _a9788481699340 | ||
| 035 | _a(Sirsi) i9788481699340 | ||
| 040 |
_aPE-LiUPU _bspa _cPE-LiUPU _erda |
||
| 041 | 1 |
_aspa _heng |
|
| 049 | _aPRUA | ||
| 082 | 0 | 4 |
_a232.908 _bJ4 |
| 245 | 0 | 0 |
_aJesús y la arqueología / _cJames H. Charlesworth (editor) ; traducción, José Pedro Tosaus Abadía ; autores Rami Arav, [y otros 20]. |
| 264 | 1 |
_aEstella, Navarra : _bVerbo Divino, _c2009. |
|
| 300 |
_a687 páginas : _bilustraciones ; _c24 centímetros. |
||
| 336 |
_atext _2rdacontent |
||
| 337 |
_aunmediated _2rdamedia |
||
| 338 |
_avolume _2rdacarrier |
||
| 490 | 0 |
_aAgora ; _v25 |
|
| 504 | _aBibliografía : páginas [663]-669. | ||
| 504 | _aÍndice. | ||
| 505 | 0 | _aJesús y la arqueología. | |
| 526 | _aSEG42 | ||
| 526 | _aSEG41 | ||
| 526 | _aSEG40 | ||
| 526 | _aSEG39 | ||
| 526 | _aP94 | ||
| 526 | _aP87 | ||
| 526 | _aP86 | ||
| 526 | _aP85 | ||
| 526 | _aP77 | ||
| 526 | _aP76 | ||
| 526 | _aP35 | ||
| 534 |
_pTítulo original : _tJesus and Archaeology. |
||
| 650 | 1 | 4 | _aArqueología bíblica. |
| 650 | 1 | 4 |
_aJesucristo _xHistoricidad. |
| 700 | 1 |
_aCharlesworth, James H., _eeditor. |
|
| 942 |
_2ddc _cBOOK |
||
| 949 |
_a232.908 J4 _wDEWEY _c1 _i69535 _lCCODEBUL1 _mBUL _p102.00 _r0 _sY _tBOOK _u2015-7-6 _xTEOLOGIA _PP35 _0COMPRA _o.STAFF. Colección General |
||
| 994 |
_aC0 _bPEPRU |
||
| 596 | _a1 | ||
| 999 |
_a232.908 J4 _wDEWEY _c6054 _i69535 _d6054 _e2018-1-14 _f2021-11-10 _g5 _lCCODEBUL1 _mBUL _n2 _p102.00 _r0 _sY _tBOOK _u2015-7-6 _xTEOLOGIA _PP35 _0COMPRA _o.STAFF. Colección Teología |
||
| 980 |
_81 _gALBERTO SANCHEZ Responsable de Automatización |
||